000
00288nam a2200109Ia 4500
008
190216s9999||||xx |||||||||||||| ||und||
100
_a
A Group Of Engineers
245
0
_a
All You Want To Know About Tv&Video
260
_b
Tech Pubs Pvt Ltd Singapore
650
_a
References
942
_c
REF
999
_c
35580
_d
35580